000 00475nam a2200193Ia 4500
005 20250423095809.0
008 250422s9999 xx 000 0 und d
020 _a9780123749796
050 _aR 856 .E53/
100 _aEnderle, John
245 0 _aIntroduction to biomedical engineering
250 _a3rd ed.
260 _aUnited State
260 _bElsevier Academic Press
260 _c2020
300 _a615 p
650 _aBiomedical engineering.
942 _cBK
999 _c31361
_d31361